[Event "Interzonal-16"]
[Site "Biel"]
[Date "1993.??.??"]
[Round "8"]
[White "Gurevich, Dmitry"]
[Black "Xu, Jun"]
[Result "0-1"]
[WhiteElo "2575"]
[BlackElo "2535"]
[Annotator "Boensch,U"]
[PlyCount "52"]
[EventDate "1993.07.16"]
[EventType "swiss"]
[EventRounds "13"]
[EventCountry "SUI"]
[SourceTitle "CBM 037"]
[Source "ChessBase"]
[SourceDate "1993.12.01"]
[SourceVersion "1"]
[SourceVersionDate "1993.12.01"]
[SourceQuality "1"]

1. Nf3 c5 2. e4 d6 3. d4 cxd4 4. Nxd4 Nf6 5. Nc3 a6 6. f4 e6 7. Qf3 Qb6 (7...
Qc7 8. g4 b5 9. g5 b4 10. Ncb5 axb5 11. gxf6 gxf6 12. f5 exf5 13. Bxb5+ Bd7 14.
Qxf5 $16 {Rogers,I-Ehlvest,J Biel izt (03) 1993 -CBM 37}) 8. a3 Nc6 (8... Be7
9. Bd3 Nc6 10. Nb3 Qc7 11. g4 $146 h6 12. h4 h5 13. g5 Ng4 14. Be2 b5 15. Qg2
b4 16. axb4 Nxb4 17. Bxg4 hxg4 18. Rh2 Rb8 19. Qxg4 $14 {Hjartarson,
J-Fahnenschmidt, BL9293 1993 1-0 39}) 9. Nxc6 Qxc6 $146 (9... bxc6 10. b3 (10.
g4 g6 11. g5 Nd7 12. b3 Bg7 13. Bb2 O-O 14. O-O-O d5 15. h4 Nc5 16. h5 Ra7 17.
Rd2 a5 $132 {Short,N-Smirin,I Debrecen EU-chT (8) ENG-ISL 1992 1/2 49}) 10...
Be7 11. Bb2 e5 12. fxe5 dxe5 13. Na4 Qa5+ 14. Bc3 Qc7 15. Bc4 O-O 16. O-O a5
17. Kh1 Ba6 $14 {Almasi,Z-Rasik,V Mitropa Cup 1993 1/2 41}) 10. Bd3 (10. Be3 b5
11. O-O-O Bb7 12. Bd3 d5 $132) (10. g4 $5) 10... b5 11. O-O Bb7 12. b4 $6 (12.
Bd2 Be7 13. Rae1 O-O $10) 12... g6 13. a4 Bg7 14. e5 (14. axb5 $2 Qxc3 $19) (
14. Nxb5 $2 Nxe4 $19) 14... Qc7 (14... Qxf3 15. gxf3 dxe5 16. axb5 $13) 15.
exd6 (15. exf6 Bxf6 16. Bxb5+ Ke7 $19) 15... Qc8 16. d7+ (16. Qh3 Nd7 $19)
16... Qxd7 (16... Nxd7 17. Ne4 $13) 17. Qh3 Qd4+ 18. Be3 (18. Kh1 Qxc3 19.
Bxb5+ Nd7 $19) 18... Qxc3 $19 19. axb5 O-O 20. bxa6 Nd5 21. Bc5 Bd4+ 22. Bxd4
Qxd4+ 23. Kh1 Nxf4 24. c3 Qxc3 25. Rxf4 Qxa1+ 26. Rf1 Rxa6 0-1

[Event "Hoogovens"]
[Site "Wijk aan Zee"]
[Date "1997.02.02"]
[Round "13"]
[White "Onischuk, Alexander"]
[Black "Van Wely, Loek"]
[Result "1-0"]
[WhiteElo "2580"]
[BlackElo "2645"]
[Annotator "Boensch,U"]
[PlyCount "101"]
[EventDate "1997.01.18"]
[EventType "tourn"]
[EventRounds "13"]
[EventCountry "NED"]
[EventCategory "16"]
[SourceTitle "CBM 057"]
[Source "ChessBase"]
[SourceDate "1997.04.01"]
[SourceVersion "1"]
[SourceVersionDate "1997.04.01"]
[SourceQuality "1"]

1. e4 c5 2. Nf3 d6 3. d4 cxd4 4. Nxd4 Nf6 5. Nc3 a6 6. f4 e6 7. Qf3 Qb6 8. a3
Nc6 9. Nb3 Qc7 10. g4 (10. Bd3 g6 11. O-O Bg7 12. Bd2 O-O 13. Nd1 e5 14. Ne3
exf4 15. Qxf4 Be6 16. Qh4 Qd8 $1 $15 {0-1 Short,N-Kasparov,G/EU-chT Debrecen
1992 (37)}) 10... b5 11. g5 (11. Bd3 Be7 12. Be3 Nd7 13. O-O Nc5 14. Nxc5 dxc5
15. e5 Bb7 16. Be4 g6 17. Rad1 O-O 18. Qg2 Rfd8 19. Bf3 Rab8 20. Rxd8+ Rxd8 21.
Ne4 Nd4 $11 {Onischuk,A-Cvitan,O/Erevan olm 1996/1-0 (48)}) 11... Nd7 12. Bd3 (
12. Be3 Bb7 13. Bd3 Nc5 (13... g6 14. h4 Bg7 15. h5 Ne7 16. Bd4 Bxd4 17. Nxd4
O-O-O 18. O-O-O Qb6 19. Be2 Kb8 20. Rh3 Rc8 21. Qh1 $14 {1-0 Adams,
M-Wojtkiewicz,A/London Lloyds 1990 (40)}) 14. O-O Nxb3 15. cxb3 Be7 16. Qh3 O-O
17. Nd5 exd5 18. exd5 g6 19. Rac1 Rae8 20. dxc6 Bxc6 21. f5 Bd8 22. Qh6 {
1-0 Sax,G-Wojtkiewicz,A/EU-chT Debrecen 1992}) (12. h4 Bb7 13. Bg2 b4 14. axb4
Nxb4 15. Qe2 Rc8 16. Be3 g6 17. Ra4 Nc6 18. f5 Nde5 19. fxe6 fxe6 20. Bh3 Qe7
21. O-O $14 {Ljubojevic,L-Polugaevsky,L/Monaco rapid 1993/1/2-1/2 (99)}) 12...
g6 {Da der Pd6 keine Schwäche mehr darstellt, bietet sich die Fianchettierung
an.} 13. Be3 Bg7 14. h4 b4 15. Na4 bxa3 16. Rxa3 Nb4 17. Qe2 Bb7 18. O-O O-O
19. Bd2 a5 (19... Nxd3 20. cxd3 Rac8 $15) 20. Bc3 d5 (20... Bxc3 21. Nxc3 Nxd3
22. cxd3 (22. Qxd3 Ba6 $19) 22... f6 $36) 21. Bxg7 Kxg7 22. e5 Bc6 23. Nc3 Qb6+
24. Qf2 Qxf2+ 25. Rxf2 a4 26. Nd4 Nc5 27. Na2 (27. Nxc6 Nxc6 28. Bb5 Nd4 29.
Bxa4 Rfc8 $44) 27... Nxa2 28. Rxa2 Bd7 29. Rh2 Rab8 30. Kf2 Rb6 (30... Nxd3+
31. cxd3 h5 $11) 31. Ke3 Rfb8 32. c3 Bc8 33. Rc2 Ba6 34. Bxa6 Rxa6 35. c4 $1
$14 Rd8 36. Ra3 Rb6 37. Rac3 Ne4 38. c5 Rbb8 (38... Rxb2 39. Rxb2 Nxc3 40. Rb7
Kf8 41. c6 Rc8 42. Ra7 $14) 39. Ra3 Rdc8 40. c6 Rb4 41. b3 $1 axb3 42. Rxb3 Ra4
(42... Rxb3+ 43. Nxb3 Ng3 44. Nd4 Nf5+ 45. Nxf5+ gxf5 46. Kd4 $18) 43. Rb7 Ra3+
44. Ke2 Ng3+ 45. Kf2 Nf5 (45... Ne4+ 46. Kg2 Rg3+ 47. Kh2 Rg4 48. Nxe6+ Kg8 49.
c7 Rxh4+ 50. Kg2 $18) 46. Nxe6+ Kg8 47. Nc7 d4 48. Rcb2 Kg7 (48... h5 49. Rb8
Rxb8 50. Rxb8+ Kg7 51. Ne8+ Kf8 52. Nf6+ Ke7 53. Re8#) 49. Ne6+ Kg8 50. Rb8 Ra8
51. c7 1-0

[Event "Hoogovens"]
[Site "Wijk aan Zee"]
[Date "1997.01.21"]
[Round "3"]
[White "Timman, Jan H"]
[Black "Salov, Valery"]
[Result "1/2-1/2"]
[WhiteElo "2630"]
[BlackElo "2665"]
[Annotator "Boensch,U"]
[PlyCount "123"]
[EventDate "1997.01.18"]
[EventType "tourn"]
[EventRounds "13"]
[EventCountry "NED"]
[EventCategory "16"]
[SourceTitle "CBM 057"]
[Source "ChessBase"]
[SourceDate "1997.04.01"]
[SourceVersion "1"]
[SourceVersionDate "1997.04.01"]
[SourceQuality "1"]

1. e4 c5 2. Nf3 Nc6 3. d4 cxd4 4. Nxd4 e6 5. Nc3 d6 6. Be3 Nf6 7. f4 Be7 8. Qf3
O-O 9. O-O-O Qc7 10. g4 Nxd4 11. Bxd4 e5 12. fxe5 dxe5 13. Qg3 Qa5 {Neben dem
Textzug gibt es auch Alternativen.} (13... Nxg4 14. Nd5 Qd8 15. Bc3 Bh4 16. Qg2
Nf2 17. Rg1 g6 18. Rd2 Nh3 19. Bxe5 Nxg1 20. Nf6+ Bxf6 21. Rxd8 Bxd8 22. Qxg1
$15 {1/2-1/2 Rogers,I-Cooper,J/BCF-ch 1988 (28)}) (13... Bd6 14. Be3 Bb4 15. g5
Nh5 16. Nd5 Nxg3 17. Nxc7 Nxh1 18. Nxa8 Bg4 19. Nc7 Bxd1 20. Kxd1 f5 21. Ne6 f4
22. Nxf8 fxe3 $11 {Gruenfeld,Y-Liberzon,V/Tel Aviv 1988/1-0 (55)}) 14. Bxe5 Be6
15. Bc7 (15. a3 Rac8 16. Be2 Bxa3 17. bxa3 Qxa3+ 18. Kb1 Nxe4 19. Qd3 Nxc3+ 20.
Bxc3 Rxc3 21. Qe4 Ba2+ {0-1 Csom,E-Feher,G/Budapest Spring op 1994}) (15. Be2
Rfc8 16. g5 Nd7 17. Rxd7 Bxd7 18. Nd5 Bf8 19. Kb1 Be6 20. Rd1 Bxd5 21. exd5 Qc5
22. Bd3 $44 {Liberzon,V-Morrison,G/EU-chT Haifa 1989/1-0 (50)}) 15... b6 16. g5
Nh5 17. Qe5 {Weiß muß das Scheitern seiner Eröffnungstrategie eingestehen und
sein Heil in einem etwas schlechteren Endspiel suchen.} Bxg5+ 18. Kb1 Qxe5 19.
Bxe5 Bf4 20. Bd4 Rad8 21. Be2 Nf6 22. Bxf6 (22. Rhg1 Bxh2 (22... Rxd4 23. Rxd4
Be3 24. Rgd1 Bxd4 25. Rxd4 $11) 23. Rg2 Rxd4 24. Rxd4 Be5 $44) 22... Rxd1+ 23.
Rxd1 gxf6 24. Nd5 Be5 (24... Bxh2 $2 25. Nxf6+ Kg7 26. Nxh7 Kxh7 (26... Rg8 27.
Ng5 Kf6 $14) 27. Rh1 $16) 25. Ne7+ Kg7 26. Nf5+ {Die Schwäche des Ph2
veranlaßt Timman ihn sofort herzugeben und mit den ungleichfarbigen Läufern um
remis zu kämpfen.} Bxf5 27. exf5 Bxh2 {[#] ENDSPIEL Turm und
verschiedenbfarbige Läufer} 28. c3 (28. Rd7 $2 Re8) 28... Re8 29. Bh5 Re7 30.
Rd2 Bf4 31. Rf2 Re1+ 32. Kc2 Be5 33. Rg2+ Kf8 34. Kd2 Rh1 35. Bf3 Rh3 36. Ke2
Ke7 37. Rg1 Rh2+ 38. Rg2 Rh1 39. Rg7 Rb1 40. Kd3 Rxb2 41. Bd5 Rh2 42. Rxf7+ Kd6
43. Be6 a6 44. Ra7 a5 45. Ra8 Kc6 {Es ist nicht ersichtlich, weshalb Salov auf
den zweiten Mehrbauern verzichtet.} (45... Rh3+ 46. Ke4 (46. Kc4 Rxc3+ 47. Kb5
Bd4 48. Rd8+ Ke5 $19) 46... Bxc3 (46... Rxc3 47. Rd8+ Kc5 48. Rc8+ Kb4 49. Rxc3
Bxc3 $19 (49... Kxc3 50. Bd7 $11)) 47. Rd8+ Kc5 $19) 46. Rc8+ Kb7 47. a4 h5 48.
Rc4 h4 49. Bd5+ Kb8 50. Bf3 h3 51. Rh4 Kc7 52. Bg4 Rg2 53. Bxh3 Rg3+ 54. Kd2
Bxc3+ 55. Kc2 Kd6 56. Bf1 Be5 57. Bb5 Rc3+ 58. Kd2 Kd5 59. Bd3 Ra3 60. Bc4+ Kc5
61. Bb5 Ra2+ 62. Ke3 1/2-1/2

[Event "RUS-Cup6"]
[Site "Krasnodar"]
[Date "1997.03.11"]
[Round "1"]
[White "Ulybin, Mikhail"]
[Black "Popov, Roman"]
[Result "1-0"]
[WhiteElo "2555"]
[BlackElo "2365"]
[Annotator "Boensch,U"]
[PlyCount "45"]
[EventDate "1997.03.11"]
[EventType "swiss"]
[EventRounds "9"]
[EventCountry "RUS"]
[SourceTitle "EXT 2000"]
[Source "ChessBase"]
[SourceDate "1999.11.16"]
[SourceVersion "1"]
[SourceVersionDate "1999.11.16"]
[SourceQuality "1"]

1. e4 c5 2. Nf3 e6 3. d4 cxd4 4. Nxd4 Nc6 5. Nc3 Qc7 6. f4 a6 7. Nb3 d6 8. Bd3
Nf6 9. Be3 Be7 10. O-O O-O 11. g4 ({Die selbe Stellung kann auch über die
Variante 6.Bc4 Qb6 erreicht werden. Dann befinden wir uns bereits im 12. Zug,
wie in der folgenden Beispielpartie.} 11. a4 b6 12. Qf3 Bb7 13. Qh3 Rfe8 14.
Rf3 Nb4 15. Rg3 Nxd3 16. cxd3 Kh8 {1/2-1/2 Gurevich,V-Sakaev,K/Capelle la
Grande op 1997/EXP 57}) 11... Re8 (11... b5 12. g5 Nd7 13. Qh5 g6 14. Qh6 Re8
15. Rf3 Bf8 16. Qh4 b4 17. Rh3 h5 18. Ne2 Bg7 19. Rf1 Bxb2 20. f5 exf5 21. Nf4
Ne7 22. exf5 Nf8 23. Nxh5 gxh5 24. Qxh5 Nxf5 (24... d5 25. f6 Bxh3 26. Qh6 $18)
25. Nd4 Nh6 26. gxh6 Bxh3 27. Qg5+ Ng6 28. Qf6 {1-0 Ulibin,M-Kirov,N/Cappelle
op 1996/EXP 51}) 12. g5 Nd7 13. Qh5 Bf8 (13... g6 14. Qh3 b5 15. Rae1 Nc5 16.
Nxc5 dxc5 17. e5 Nb4 18. Ne4 Bb7 19. Qh6 Bxe4 20. Bxe4 Rad8 $14 {1-0 nach 55.
Zügen.] 1-0 Berndt,S-Reinhard,M/GER-chJI U20 Hamburg 1993/TD 93\05 (36)}) 14.
e5 $1 g6 $8 15. exd6 Bxd6 (15... Qxd6 16. Qh4 {Weiß bekommt noch das
Angriffstempo Ne4.}) 16. Qh4 Ne7 17. Rf3 Nf5 18. Bxf5 exf5 ({Auch der Versuch
mit} 18... gxf5 {das Feld d5 unter Kontrolle zu halten, wird widerlegt.} 19.
Bd4 Nf8 (19... b5 $4 20. Qxh7+ Kxh7 21. Rh3+ Kg6 (21... Kg8 22. Rh8#) 22. Rh6#)
20. Qh6 f6 21. gxf6 (21. Bxf6 b5 22. Rd1 Bb7 23. Rf2 Rad8 24. Bxd8 Rxd8 $132)
21... Ng6 22. Rg3 Qf7 (22... Bxf4 23. Rxg6+ hxg6 24. f7+ Qxf7 25. Qh8#) 23. h4
$18) 19. Bd4 h5 $2 (19... f6 $1 {Nur so kann Schwarz den Kampf offen halten.}
20. gxf6 (20. Nd5 $2 Qc6 21. Rh3 Qxd5 (21... h5 22. gxh6 Qxd5 23. h7+ $18) 22.
Qxh7+ Kf8 $13) 20... Nf8 21. Nd5 Qf7 22. Nb6 Rb8 $14) 20. gxh6 $18 Kh7 21. Nd5
Qd8 (21... Qc4 22. Nf6+ Nxf6 23. Qxf6 Rg8 24. Qxd6 $18) 22. Bf6 $3 Nxf6 23.
Qxf6 (23. Qxf6 Bf8 24. Qxf7+ Kh8 25. Nf6 $18) 1-0

[Event "Walsall op"]
[Site "Walsall"]
[Date "1992.??.??"]
[Round "4"]
[White "Chandler, Murray G"]
[Black "Suba, Mihai"]
[Result "1-0"]
[WhiteElo "2575"]
[BlackElo "2520"]
[Annotator "Boensch,U"]
[PlyCount "95"]
[EventDate "1992.??.??"]
[EventType "swiss"]
[EventRounds "7"]
[EventCountry "ENG"]
[SourceTitle "CBM 032"]
[Source "ChessBase"]
[SourceDate "1993.02.01"]
[SourceVersion "1"]
[SourceVersionDate "1993.02.01"]
[SourceQuality "1"]

1. e4 {Chandler,M} c5 2. Nf3 d6 3. d4 Nf6 4. Nc3 cxd4 5. Nxd4 e6 6. f4 a6 7.
Qf3 Qb6 8. a3 h5 $6 $146 (8... Nc6 $5 9. Nxc6 $146 (9. Nb3 Qc7 10. Bd3 g6 11.
O-O Bg7 12. Bd2 O-O 13. Nd1 e5 14. Ne3 exf4 15. Qxf4 Be6 16. Qh4 Qd8 17. Rae1
Nd7 $10 {Short,N-Kasparov,G Debrecen 1992}) 9... bxc6 (9... Qxc6 $5) 10. b3 Bb7
11. Bb2 c5 12. O-O-O Be7 13. g4 d5 14. g5 Nxe4 15. Nxe4 dxe4 16. Qc3 $44 {
Adams,M-Polugaevski,L France 1992 -Inf.55/246}) (8... Be7 {Chandler,M} 9. Be3
$1 Qxb2 10. Kd2 Qxa1 11. Bb5+ axb5 12. Rxa1 $16) 9. Nb3 (9. Be3 {Chandler,M}
Ng4 10. Bg1 Qxb2 $17) 9... Nbd7 10. Bd3 Qc7 11. Bd2 b5 12. O-O-O Bb7 13. Rhe1 (
13. g3 $5 {/\ h3-g4}) 13... Be7 14. Kb1 Rb8 (14... O-O-O $5) 15. Qg3 h4 16. Qh3
(16. Qxg7 {Chandler,M} Rh7 $19) 16... e5 17. g4 $1 $16 exf4 18. g5 Nh5 19. Nd5
Bxd5 20. exd5 Nf8 (20... Ne5 {Chandler,M} 21. g6 $1 fxg6 22. Qe6 Nf6 23. Rxe5
dxe5 24. Bxg6+ Kd8 25. Ba5 $18) 21. g6 $3 Nxg6 (21... fxg6 22. Nd4 $40) 22. Ba5
Qb7 (22... Qd7 23. Bf5 (23. Bf5 {Chandler,M} Qb7 24. Bxg6)) 23. Bxg6 fxg6 24.
Rxe7+ $1 Qxe7 (24... Kxe7 25. Qe6+ Kf8 26. Bb4 $18 (26. Bb4 {Chandler,M} Rd8
27. Bxd6+ (27. Nc5 Qf7) 27... Rxd6 28. Qxd6+ Qe7 29. Qxa6 $16)) 25. Re1 $18
Qxe1+ 26. Bxe1 O-O 27. Qe6+ (27. Nd4 {Chandler,M} Rbe8 28. Bxh4 $18) 27... Kh7
28. Qxd6 Rbd8 29. Qxa6 Rxd5 (29... f3 {Chandler,M} 30. Bf2 Rxd5 $16) 30. Bxh4
f3 31. Bf2 Nf4 32. Nd4 Ne2 (32... Nh3 $5) 33. c3 Nxd4 34. cxd4 (34. Bxd4 $4 {
Chandler,M} Rxd4 35. cxd4 f2 $19) 34... Rf6 35. Qc8 Rg5 36. Qh3+ Kg8 37. Qc8+
Kh7 38. Qh3+ Kg8 39. Qh4 Rg2 40. d5 g5 41. Qd4 Rf4 42. Qe3 Rxh2 43. d6 Rh1+ 44.
Ka2 Rf7 (44... Rd1 {Chandler,M} 45. Qb3+ $18) 45. Qe8+ Rf8 46. d7 Rd1 47. Bc5
f2 48. Qxf8+ 1-0

[Event "Hoogeveen Unive op 19th"]
[Site "Hoogeveen"]
[Date "2015.10.20"]
[Round "5"]
[White "Pruijssers, Roeland"]
[Black "Bok, Benjamin"]
[Result "0-1"]
[WhiteElo "2501"]
[BlackElo "2591"]
[Annotator "Bok,B"]
[PlyCount "52"]
[EventDate "2015.10.17"]
[EventType "swiss"]
[EventRounds "9"]
[EventCountry "NED"]
[SourceTitle "CBM 170"]
[Source "ChessBase"]
[SourceDate "2016.01.15"]
[SourceVersion "1"]
[SourceVersionDate "2016.01.15"]
[SourceQuality "1"]

{This game was played in the 5th round of the Hoogeveen Open 2015. The day
before I drew both games on the double round day and was on 3 out of 4. I was
eager to strike and get closer to the top of the standings again!} 1. e4 c5 2.
Nf3 d6 {This must have come as a bit of a surprise to Roeland, as 2...e6 has
been my main choice by far.} 3. d4 cxd4 4. Nxd4 Nf6 5. Nc3 a6 6. Be3 e6 7. f4 {
A bit of a sideline,} ({The main line goes} 7. f3) 7... b5 8. a3 Bb7 9. Bd3
Nbd7 10. Qf3 Rc8 11. O-O (11. Nb3 g6 12. g4 Bg7 13. g5 Nh5) 11... g6 $1 {
Now Black obtains a very nice and flexible setup.} 12. Rae1 {Roeland decides
to prepare his forces for an attack, however Black's position is very solid
and hard to break.} (12. Rad1 Bg7 13. Bxb5 $2 {doesn't work because of} axb5
14. Ndxb5 Bf8 $1 $17) ({This position was also reached by a different move
order in a game of my friend Anish Giri in 2010. That game continued} 12. Qh3
Nc5 13. e5 Nd5 14. Ne4 Nxe4 15. Bxe4 Nxe3 16. Qxe3 Bxe4 17. Qxe4 dxe5 18. Qxe5
Qxd4+ 19. Qxd4 Bc5 20. Qxc5 Rxc5 {0-1 (59) Llaneza Vega,M (2514)-Giri,A (2624)
Rijeka 2010, and Black went on to win this very slightly better endgame.})
12... Bg7 13. Kh1 O-O 14. Qh3 Nc5 (14... Rxc3 $6 15. bxc3 Nxe4 $2 {Obviously
doesn't work because of} 16. Nxe6 fxe6 17. Bxe4 Bxe4 18. Qxe6+ Kh8 19. Qxe4 $18
) 15. f5 {A very practical decision.} ({After} 15. Bg1 {Black plays} Re8 {
possibly followed by 16...Rc7 and 17...Qa8!}) ({White doesn't really want to
play} 15. Bd2 {as after again} Re8 {Black is even better prepared for the
f4-f5 break.}) 15... e5 $2 {I decided to just take the pawn on e4, however
this is not entirely correct.} (15... gxf5 {looks dangerous for Black after}
16. Bg5 $1 {The engine however, still holds the balance with: (Sorry for the
long computer line coming up!)} (16. exf5 e5 $17 {is obviously good for Black})
16... Qb6 17. exf5 e5 18. Re3 $1 exd4 19. Bxf6 Bxf6 20. Rg3+ Kh8 21. Qh6 Nd7
22. Rh3 Bxg2+ $1 23. Kxg2 Rg8+ 24. Kf3 Rg7 25. Rg1 Rcg8 26. Nd5 Qd8 $1 {
Black is just in time to defend against all the threats! After} 27. Rxg7 Rxg7
28. Nxf6 Nxf6 29. Rg3 Rxg3+ 30. hxg3 {an equal endgame appeared which should
probably end in a draw.} Qe7 31. g4 Qd8) ({However,} 15... exf5 {was the move!}
16. exf5 Nxd3 (16... Re8) 17. cxd3 Nd5 $15 {Black simplifies the position a
bit and soon the power of the 2 strong bishops on the long diagonals will tell!
}) 16. Nf3 (16. fxg6 $2 exd4 17. Rxf6 hxg6) 16... Ncxe4 17. Nxe4 $2 {A
mistaken reply by my opponent, however it was not easy to find the right path
with all the possibilities White has.} (17. fxg6 {was the right move} fxg6 18.
Nxe4 (18. Bxe4 Bxe4 19. Qe6+ Kh8 20. Ng5) 18... Bxe4 19. Ng5 Bxd3 20. cxd3 $1 {
Amazingly, Black can't defend against all the threats! Therefore the best is} (
20. Qe6+ Kh8 21. cxd3 Qe8 22. Qxd6 $11 {only gives White equality}) (20. Rxf6
Rxf6 21. Qxh7+ Kf8 22. cxd3) 20... Qe8 {Allowing White to strike with} ({
For example after} 20... Qe7 21. Ne6 {Black has no place for his rook and is
forced to give up the exchange} Qd7 (21... Rfe8 22. Nxg7 Qxg7 23. Bh6 Qe7 24.
Bg5 {and Black can't defend himself against the pin as the c8-rook will be
hanging.}) (21... Rf7 22. Nxg7 {and once again, Black can resign as the
c8-rook is hanging}) 22. Nxf8 Qxh3 23. gxh3 Rxf8 24. Rc1 $16 {This endgame is
obviously close to being lost for Black.}) 21. Rxf6 (21. Ne6 Rf7) 21... Rxf6
22. Qxh7+ Kf8 23. Ne4 $1 {White wins back the exchange as Black can't give up
either the d6-pawn, or the f-file.} Qf7 24. Nxf6 Bxf6 25. Qh3 $16 {White has a
clear and big advantage, Black will suffer here.}) 17... Bxe4 {Now White
doesn't have enough compensation for the pawn.} 18. Bxe4 Nxe4 19. Bh6 Nf6 20.
Ng5 $2 {After this White is lost, but the refutation is not so easy to spot,
so it is understandable that White wants to bring an extra piece into the
attack.} (20. c3 {was a better choice, White still has some play but I believe
it is not enough for the pawn he has given.}) 20... Rxc2 $1 {I calculated all
the lines and didn't see a mate, so why not just take another pawn! :)} (20...
Rc7 21. Re2 Nh5 22. Bxg7 Kxg7 23. f6+ Nxf6 24. Rxf6 Kxf6) 21. fxg6 hxg6 22.
Bxg7 Kxg7 23. Rxf6 Kxf6 24. Rf1+ Kxg5 (24... Ke7 $4 25. Rxf7+ Rxf7 26. Qe6+ Kf8
27. Qxf7# {was, of course, not my intention.}) 25. Qe3+ Kh5 26. g4+ (26. Qh3+
Qh4 {doesn't help White either.}) 26... Kxg4 {You don't see a king on g4 every
day! However, with the limited material White doesn't have any mating ideas.
After some thought my opponent resigned as, as given in the lines below White
has nothing better than 27.Qe4+ and take the rook, the black king will escape
after which Black will be just 3 pawns up. I was quite happy with this win. As
I was able to get the better of quite a dangerous opponent in a complicated
game. I hope you enjoyed it!} (26... Kxg4 27. Qe4+ Kg5 {White has nothing
better than} 28. Qxc2 {after which he will be just 3 pawns down} (28. Qe3+ Kh5
{and Black 'zigzags' out of the checks as} 29. Qh3+ {will again be met with}
Qh4)) 0-1

[Event "Bugojno"]
[Site "Bugojno"]
[Date "1978.03.09"]
[Round "10"]
[White "Balashov, Yuri S"]
[Black "Spassky, Boris Vasilievich"]
[Result "1/2-1/2"]
[WhiteElo "2590"]
[BlackElo "2630"]
[Annotator "Bulletin"]
[PlyCount "68"]
[EventDate "1978.02.27"]
[EventType "tourn"]
[EventRounds "15"]
[EventCountry "YUG"]
[EventCategory "14"]
[SourceTitle "MCL"]
[Source "ChessBase"]
[SourceDate "1999.07.01"]
[SourceVersion "1"]
[SourceVersionDate "1999.07.01"]
[SourceQuality "1"]

1. e4 c5 2. Nf3 d6 3. d4 cxd4 4. Nxd4 Nf6 5. Nc3 e6 6. Be3 a6 7. f4 b5 8. Qf3
Bb7 9. Bd3 Nbd7 10. g4 b4 11. Nce2 e5 (11... Nc5 12. Ng3 Qc7 13. O-O g6 $1 14.
a3 bxa3 15. b4 Nxd3 16. cxd3 h5 $1 {Kupreichik-Balashov, USSR-ch 1976}) 12. Nf5
(12. Nb3 d5 13. Ng3 exf4 14. Bxf4 dxe4 15. Nxe4 $14 {Savon-Petrushin, USSR-ch
1977}) 12... d5 13. Nfg3 (13. Neg3 $2 g6) 13... Bc5 14. g5 dxe4 15. Nxe4 Nxe4
16. Bxe4 Bxe4 17. Qxe4 Bxe3 18. Qxe3 O-O 19. O-O-O Qc7 20. Kb1 $10 (20. Rd2 $10
) 20... Rac8 21. Rd2 Rfe8 22. Rhd1 exf4 23. Qxf4 Ne5 24. b3 (24. Qxb4 Rb8 {
/\..Nc4}) 24... a5 25. Ng3 Re6 26. Nf5 g6 (26... Rc6 $2 27. Qxe5 $18) 27. Nh6+
(27. Nd4) 27... Kg7 28. Rf1 Qc3 29. Rdf2 (29. Nxf7 Nf3 $10 (29... Rf8 $1 30.
Rdf2 Qc7 $2 (30... Nd3 $10) 31. Nd8 $1 $18)) 29... Qc5 30. Re2 (30. Nxf7 Rf8 {
/\..Qe7}) 30... Rc7 31. Rxe5 Qxc2+ (31... Qxe5 32. Qxf7+ $18) (31... Rxe5 $2
32. Qf6+ Kf8 33. Qh8+ Ke7 34. Rxf7+ Ke6 35. Qe8+ Re7 36. Rxe7+ Qxe7 37. Qc6+
Qd6 38. Qxd6+ Kxd6 39. Nf7+ Kd5 40. Nxe5 Kxe5 41. c4 $1 $18) 32. Ka1 Qc3+ 33.
Kb1 Qd3+ 34. Ka1 Qc3+ 1/2-1/2

[Event "Zonal Randers Preliminaries B"]
[Site "Randers"]
[Date "1982.??.??"]
[Round "1"]
[White "Sigurjonsson, Gudmundur"]
[Black "Helmers, Knut Jaran"]
[Result "1-0"]
[WhiteElo "2435"]
[BlackElo "2430"]
[Annotator "Bulletin"]
[PlyCount "49"]
[EventDate "1982.01.09"]
[EventType "tourn"]
[EventRounds "11"]
[EventCountry "DEN"]
[EventCategory "7"]
[SourceTitle "MCL"]
[Source "ChessBase"]
[SourceDate "1999.07.01"]
[SourceVersion "1"]
[SourceVersionDate "1999.07.01"]
[SourceQuality "1"]

1. e4 c5 2. Nf3 d6 3. d4 cxd4 4. Nxd4 Nf6 5. Nc3 a6 6. Be3 e6 7. f4 b5 8. Qf3
Bb7 9. Bd3 Nbd7 10. g4 Nc5 (10... h6 $5) 11. g5 b4 (11... Nfd7) 12. gxf6 bxc3
13. fxg7 Bxg7 14. b4 $1 Nxd3+ 15. cxd3 Qe7 16. Rg1 Bf6 17. Rc1 Rc8 18. Qh5 Kd7
19. e5 dxe5 20. fxe5 Bh4+ 21. Ke2 Rhg8 22. Nb3 Rxg1 23. Rxg1 Qxb4 24. Rg4 Qa3
25. Rxh4 1-0

[Event "World Cup"]
[Site "Skelleftea"]
[Date "1989.08.??"]
[Round "2"]
[White "Huebner, Robert"]
[Black "Sax, Gyula"]
[Result "1/2-1/2"]
[WhiteElo "2605"]
[BlackElo "2580"]
[Annotator "Bulletin"]
[PlyCount "42"]
[EventDate "1989.08.??"]
[EventType "tourn"]
[EventRounds "15"]
[EventCountry "SWE"]
[EventCategory "16"]
[SourceTitle "CBM 014"]
[Source "ChessBase"]
[SourceDate "1990.02.01"]
[SourceVersion "1"]
[SourceVersionDate "1990.02.01"]
[SourceQuality "1"]

1. e4 c5 2. Nf3 e6 3. d4 cxd4 4. Nxd4 Nf6 5. Nc3 d6 6. f4 Nc6 7. Be3 e5 8. Nde2
exf4 9. Nxf4 Be7 10. Qd2 O-O 11. O-O-O Ng4 12. Bg1 Nge5 13. Be2 Be6 14. Ncd5 {
'?!' Bulletin.} Bxd5 15. exd5 Nb8 16. Kb1 Nbd7 17. Bd4 Rc8 18. Rhe1 Bf6 19. Bb5
{'!' Bulletin.} Nc4 20. Qe2 Bxd4 21. Rxd4 Nce5 (21... Nxb2 $2 22. Rb4 $1)
1/2-1/2